000 00869nam a22002657a 4500
001 BR8207213
003 BR-BrBNA
005 20230928091548.0
007 ta
008 230509b bl.||||| |||| 00| 0 por d
040 _aBR-BrBNA
_bpor
_cBiblioteca Nacional de Agricultura
041 _a(Por)
072 _aC20
090 _ C20 BR8207213
110 1 _aAssociacao de Credito e Assistencia Rural de Santa Catarina, Florianopolis (Brasil);
110 1 _aEmpresa de Assistencia Tecnica e Extensao Rural do Estado de Santa Catarina, Florianopolis (Brasil)
_94031
245 1 _aExtensao rural: 25 anos com o pequeno agricultor [Santa Catarina, Brasil]
260 3 _aFlorianopolis, SC (Brasil):
_c1982.
300 _a38 p.
500 _a68 illus.
650 _aEXTENSAO RURAL
650 _aSANTA CATARINA
909 _a202309
_bLucia
_c55
_dLucia Elande
942 _cBK
999 _c34428
_d34428